[Event "Cologne Ford op"]
[Site "Cologne"]
[Date "2010.05.10"]
[Round "4"]
[White "Jordans, Ralph"]
[Black "Tollgaard, Sven"]
[Result "1/2-1/2"]
[WhiteElo "1812"]
[BlackElo "1551"]
[PlyCount "109"]
[EventDate "2010.04.19"]
[EventType "swiss"]
[EventRounds "7"]
[EventCountry "GER"]
[SourceTitle "EXT 2011"]
[Source "ChessBase"]
[SourceDate "2010.11.26"]
[SourceVersion "1"]
[SourceVersionDate "2010.11.26"]
[SourceQuality "1"]

1. c4 Nf6 2. Nf3 d5 3. g3 e6 4. Bg2 Bc5 5. 0-0 0-0 6. b3 Nc6 7. Bb2 b6 8. d4 Be7 9. Ne5 Bb7 10. e3 Rb8 11. Nd2 Nxe5 12. dxe5 Ne4 13. Nxe4 dxe4 14. Qc2 Qd3 15. Qxd3 exd3 16. Bxb7 Rxb7 17. Rad1 Rd8 18. Bc3 c6 19. Rd2 Rbd7 20. b4 f6 21. f4 a6 22. a3 c5 23. Rb1 Rc8 24. b5 axb5 25. Rxb5 Bd8 26. exf6 gxf6 27. Rb3 Rc6 28. e4 Kf7 29. e5 fxe5 30. Bxe5 Bf6 31. Bxf6 Kxf6 32. Rbxd3 Rxd3 33. Rxd3 Kf5 34. Rd7 h6 35. Kg2 e5 36. Rd5 Re6 37. Kf3 Kf6 38. g4 exf4 39. Kxf4 Re2 40. h4 Rc2 41. Rd6+ Kg7 42. Rxb6 Rxc4+ 43. Kf5 Rc3 44. Rb7+ Kf8 45. Kf6 Rf3+ 46. Kg6 Rxa3 47. Kxh6 Ra6+ 48. Kg5 Rc6 49. h5 c4 50. h6 Kg8 51. Kh5 c3 52. g5 c2 53. g6 Rc8 54. Rg7+ Kh8 55. Rh7+ 1/2-1/2

[Event "Cologne Ford op"]
[Site "Cologne"]
[Date "2010.05.03"]
[Round "3"]
[White "Tollgaard, Sven"]
[Black "Gillar, Frank"]
[Result "1-0"]
[WhiteElo "1551"]
[BlackElo "1359"]
[PlyCount "149"]
[EventDate "2010.04.19"]
[EventType "swiss"]
[EventRounds "7"]
[EventCountry "GER"]
[SourceTitle "EXT 2011"]
[Source "ChessBase"]
[SourceDate "2010.11.26"]
[SourceVersion "1"]
[SourceVersionDate "2010.11.26"]
[SourceQuality "1"]

1. d4 e6 2. c4 Nf6 3. Nc3 c5 4. e3 a6 5. Nf3 cxd4 6. exd4 d5 7. c5 Nc6 8. Bf4 Be7 9. a3 0-0 10. Bd3 b6 11. b4 bxc5 12. bxc5 Nd7 13. Bc2 f5 14. 0-0 Nf6 15. Re1 Ne4 16. Qd3 g5 17. Ne5 Nxd4 18. Qxd4 Bxc5 19. Bxg5 Bxd4 20. Bxd8 Bxc3 21. Bc7 Bxa1 22. Rxa1 Ra7 23. Bb6 Rb7 24. Bd4 Bd7 25. f3 Ng5 26. Re1 Rc8 27. Bd3 Bb5 28. Bb1 Rbc7 29. Bb2 Nf7 30. Nd3 Rc6 31. Nf4 Nd8 32. h3 Kf7 33. Kh2 Nb7 34. Nd3 Bxd3 35. Bxd3 Nc5 36. Bc2 Nd7 37. Ba4 R6c7 38. Re2 Nc5 39. Bc2 Re7 40. Bd4 Nd7 41. Bd3 e5 42. Bf2 a5 43. Bxf5 Nf6 44. Bxc8 d4 45. Bf5 h6 46. Be1 a4 47. Bc2 Nd5 48. Bxa4 Ke6 49. Bb3 Rb7 50. Bc4 Kd6 51. Bxd5 Kxd5 52. a4 Rb1 53. Bg3 d3 54. Rxe5+ Kc4 55. Re4+ Kc3 56. Bf4 d2 57. Bxd2+ Kxd2 58. Re6 Ra1 59. Rxh6 Rxa4 60. h4 Ke3 61. Kg3 Ra8 62. Re6+ Kd4 63. h5 Kd5 64. Re4 Rg8+ 65. Kh3 Rg5 66. g4 Rg8 67. Rf4 Ke5 68. Rf5+ Ke6 69. f4 Rg7 70. Kh4 Rg8 71. h6 Rh8 72. Kh5 Rg8 73. h7 Rh8 74. Kh6 Ke7 75. Kg7 1-0

[Event "Cologne Ford op"]
[Site "Cologne"]
[Date "2009.06.15"]
[Round "7"]
[White "Winckler, Andreas"]
[Black "Tollgaard, Sven"]
[Result "1-0"]
[WhiteElo "1705"]
[BlackElo "1538"]
[PlyCount "95"]
[EventDate "2009.04.27"]
[EventType "swiss"]
[EventRounds "7"]
[EventCountry "GER"]
[SourceTitle "EXT 2011"]
[Source "ChessBase"]
[SourceDate "2010.11.26"]
[SourceVersion "1"]
[SourceVersionDate "2010.11.26"]
[SourceQuality "1"]

1. b4 d5 2. Bb2 Nf6 3. e3 e6 4. b5 Bd7 5. c4 dxc4 6. Bxc4 c6 7. a4 a6 8. Nc3 Nd5 9. Nf3 Bd6 10. 0-0 0-0 11. Qb3 Qc7 12. Ne4 Be7 13. Rac1 f5 14. Nc3 Bf6 15. Nxd5 cxd5 16. Bxd5 Qb6 17. Bxf6 exd5 18. Bd4 Qe6 19. Ng5 Qe8 20. Qxd5+ Kh8 21. Qxb7 axb5 22. Qxa8 bxa4 23. Rc7 h6 24. Nf3 Bc6 25. Bxg7+ Kg8 26. Rxc6 Nxc6 27. Qxe8 Rxe8 28. Bc3 a3 29. g3 Rb8 30. Ra1 Ra8 31. Ra2 Kf7 32. Ne5+ Nxe5 33. Bxe5 Ke6 34. Bc3 Ra4 35. d3 Kd5 36. Kf1 Kc5 37. Ke2 Kb5 38. Kd2 Ra6 39. Kc2 Ka4 40. d4 Rc6 41. Ra1 h5 42. f3 Re6 43. Re1 a2 44. e4 fxe4 45. fxe4 Re8 46. e5 Rf8 47. Re2 Rf1 48. e6 1-0

[Event "Cologne Ford op"]
[Site "Cologne"]
[Date "2009.05.25"]
[Round "5"]
[White "Pohl, Victor"]
[Black "Tollgaard, Sven"]
[Result "0-1"]
[WhiteElo "956"]
[BlackElo "1538"]
[PlyCount "92"]
[EventDate "2009.04.27"]
[EventType "swiss"]
[EventRounds "7"]
[EventCountry "GER"]
[SourceTitle "EXT 2011"]
[Source "ChessBase"]
[SourceDate "2010.11.26"]
[SourceVersion "1"]
[SourceVersionDate "2010.11.26"]
[SourceQuality "1"]

1. d4 d5 2. c4 e6 3. Nc3 Nf6 4. Nf3 c6 5. Bd2 dxc4 6. e3 b5 7. a4 Bd7 8. Ne5 Bd6 9. Nxd7 Qxd7 10. axb5 cxb5 11. b3 Qb7 12. bxc4 bxc4 13. Bxc4 Qxg2 14. Qa4+ Nbd7 15. Ke2 Qg4+ 16. Kd3 Qf5+ 17. e4 Qf3+ 18. Be3 e5 19. Qc6 Rd8 20. Qxd6 exd4 21. Nd5 Qxe4+ 22. Ke2 Nxd5 23. Bxd5 Qe5 24. Qxe5+ Nxe5 25. Bxf7+ Nxf7 26. Bd2 Rd7 27. Rhg1 0-0 28. Kd3 Ne5+ 29. Ke4 Nf3 30. Rgd1 Nxh2 31. Bc3 Nf3 32. Bxd4 Nxd4 33. Rxd4 Rxd4+ 34. Kxd4 Rxf2 35. Rxa7 h6 36. Ke3 Rf8 37. Ra6 Kh7 38. Ra1 g5 39. Rg1 Kg6 40. Ke4 h5 41. Rg3 g4 42. Ra3 Kg5 43. Ra5+ Kh4 44. Ra7 g3 45. Rg7 Kh3 46. Rh7 h4 0-1

[Event "Cologne Ford op"]
[Site "Cologne"]
[Date "2009.05.18"]
[Round "4"]
[White "Tollgaard, Sven"]
[Black "Azimi, Reza1111"]
[Result "1-0"]
[WhiteElo "1538"]
[BlackElo "1392"]
[PlyCount "83"]
[EventDate "2009.04.27"]
[EventType "swiss"]
[EventRounds "7"]
[EventCountry "GER"]
[SourceTitle "EXT 2011"]
[Source "ChessBase"]
[SourceDate "2010.11.26"]
[SourceVersion "1"]
[SourceVersionDate "2010.11.26"]
[SourceQuality "1"]

1. d4 d5 2. c4 e6 3. Nc3 c6 4. e3 Nf6 5. Nf3 Nbd7 6. Bd3 Bd6 7. c5 Bb8 8. e4 dxe4 9. Nxe4 Nxe4 10. Bxe4 Nf6 11. Bc2 b6 12. Bg5 bxc5 13. dxc5 Qa5+ 14. Qd2 Qxc5 15. Rc1 Qe7 16. Ba4 Bb7 17. Nd4 0-0 18. Nxc6 Bxc6 19. Bxc6 Rd8 20. Qe3 Qb4+ 21. Qc3 Bd6 22. Bxa8 Rxa8 23. 0-0 Qb8 24. Bxf6 gxf6 25. Qxf6 Bxh2+ 26. Kh1 Be5 27. Qg5+ Kh8 28. Rc2 Qd6 29. Rfc1 Bg7 30. Rc6 Qd7 31. Rc7 Qe8 32. Re7 Qd8 33. Rcc7 Qd1+ 34. Kh2 Rg8 35. Rxf7 Qd4 36. g3 Qxb2 37. Rxa7 Qd4 38. a4 Qc3 39. Rxg7 Qxg7 40. Qxg7+ Rxg7 41. Rxg7 Kxg7 42. a5 1-0